00419 a2200157 4500003000400000005001700004008004100021020001800062040000900080082002000089100002300109245006200132250001200194260004500206300001000251OSt20231215103659.0231215b |||||||| |||| 00| 0 eng d a9789384638825 coclc a894.8128bELA/A aElayidam, Sunil P  aAparathe thodumbol /cSunil P. Ilayidam and Rafiq Ibrahim a1st ed. aKozhikode:bProgress Publication,c2018. a194p.